[Event "4NCL"]
[Site "De Vere, Staverton Park, ENG"]
[Date "2011.03.27"]
[Round "8.16"]
[White "Dorrington, Chris J"]
[Black "Snape, Ian L"]
[Result "1-0"]
[WhiteElo "2263"]
[BlackElo "2241"]
[PlyCount "111"]
[EventDate "2011.??.??"]
[WhiteTeam "Barbican 4NCL 2"]
[BlackTeam "The AD's"]

1. d4 Nf6 2. c4 g6 3. Nc3 Bg7 4. e4 d6 5. Be2 O-O $2 6. Nf3 e5 7. O-O $2 Nc6 8.
d5 Ne7 9. Ne1 Nd7 10. f3 f5 11. Be3 f4 12. Bf2 g5 13. Nb5 b6 14. b4 Rf6 15. Nd3
Rh6 16. Be1 Kh8 17. a4 a6 18. Nc3 Qe8 19. a5 Nf6 20. Nf2 Rg6 21. axb6 cxb6 22.
Na4 Nd7 23. Rc1 Ng8 24. Bd2 Bf8 25. Qb3 Rb8 26. Qa3 h5 27. h3 Nh6 28. Rc2 g4
29. fxg4 hxg4 30. Nxg4 Nxg4 31. Bxg4 Nf6 32. Bxc8 Qxc8 33. Be1 Be7 34. Qf3 Qd7
35. Nb2 Rbg8 36. Kh1 Nh7 37. c5 bxc5 38. bxc5 dxc5 39. Nc4 Bf6 40. Bc3 Rg3 41.
Qe2 Rxh3+ 42. Kg1 Qg7 43. Rf3 Rh6 44. Nd6 Qg6 45. Nf5 Rh5 46. Rb2 Ng5 47. Rb6
Nxf3+ 48. Qxf3 Rxf5 49. exf5 Qxf5 50. Rxf6 Qb1+ 51. Kh2 Rg5 52. Qh3+ Kg8 53.
Qc8+ Kh7 54. Qh3+ Kg8 55. Qe6+ Kh7 56. Rh6+ 1-0

[Event "4NCL"]
[Site "De Vere, Staverton Park, ENG"]
[Date "2011.03.27"]
[Round "8.16"]
[White "Wheeler, Darren P"]
[Black "Rogers, Jonathan W"]
[Result "1/2-1/2"]
[WhiteElo "2236"]
[BlackElo "2338"]
[PlyCount "92"]
[EventDate "2011.??.??"]
[WhiteTeam "The AD's"]
[BlackTeam "Barbican 4NCL 2"]

1. e4 d5 2. exd5 Qxd5 3. Nc3 Qd6 4. d4 Nf6 5. Nf3 a6 6. Bd3 Nc6 7. h3 Nb4 8.
O-O Nxd3 9. Qxd3 e6 10. Ne4 Qc6 11. Re1 Nxe4 12. Rxe4 Be7 13. c4 O-O 14. Bg5 f6
15. Rh4 g6 16. Bh6 Rd8 17. Rg4 Qe8 18. Qe2 b5 19. Re4 bxc4 20. Qxc4 Bd6 21.
Rae1 Qb5 22. b3 Bd7 23. Bd2 Qd5 24. R4e3 a5 25. Rc1 a4 26. Qxd5 exd5 27. b4 a3
28. Rb1 Bb5 29. Rbb3 Bc4 30. Rxa3 Bxa2 31. Ra5 Bc4 32. Re1 Rab8 33. Ra7 Rd7 34.
g3 g5 35. Nh2 h5 36. Nf1 Bxf1 37. Kxf1 Kf7 38. Rb1 Re7 39. b5 c5 40. Rxe7+ Kxe7
41. dxc5 Bxc5 42. f3 Rb7 43. Ke2 Kd6 44. Kd3 Ra7 45. Rb3 Rb7 46. Rb1 Ra7
1/2-1/2

[Event "4NCL"]
[Site "De Vere, Staverton Park, ENG"]
[Date "2011.03.27"]
[Round "8.16"]
[White "Berry, Neil"]
[Black "Bellin, Jana"]
[Result "1-0"]
[WhiteElo "2331"]
[BlackElo "2137"]
[PlyCount "101"]
[EventDate "2011.??.??"]
[WhiteTeam "Barbican 4NCL 2"]
[BlackTeam "The AD's"]

1. c4 Nf6 2. g3 c5 3. Bg2 Nc6 4. Nc3 e6 5. Nf3 Be7 6. O-O O-O 7. d4 cxd4 8.
Nxd4 a6 9. e4 Qc7 10. b3 d6 11. Bb2 Bd7 12. Rc1 Rac8 13. Nd5 exd5 14. cxd5 Rfe8
15. dxc6 bxc6 16. e5 dxe5 17. Nxc6 Bxc6 18. Rxc6 Qa5 19. Qc2 Rxc6 20. Qxc6 Qxa2
21. Bxe5 Qe2 22. Bc3 Qb5 23. Re1 Bf8 24. Rxe8 Nxe8 25. Qxb5 axb5 26. Bc6 b4 27.
Bd2 Nc7 28. Be3 Bd6 29. Kf1 Ne6 30. Ke2 f5 31. Bd5 Kf7 32. Kd3 Ke7 33. Kc4 f4
34. Bd2 fxg3 35. hxg3 Nc7 36. Bb7 Ne6 37. Bxb4 g5 38. Bd5 h5 39. Bxd6+ Kxd6 40.
b4 Nc7 41. Bf3 h4 42. b5 Ne8 43. gxh4 gxh4 44. b6 Nf6 45. Kd3 h3 46. b7 Kc7 47.
Ke3 Nd7 48. Kf4 Nc5 49. Kg3 Nd3 50. Bd5 h2 51. f4 1-0

[Event "4NCL"]
[Site "De Vere, Staverton Park, ENG"]
[Date "2011.03.27"]
[Round "8.16"]
[White "Anderton, David W"]
[Black "Martyn, Rafe"]
[Result "1/2-1/2"]
[WhiteElo "2208"]
[BlackElo "2292"]
[PlyCount "41"]
[EventDate "2011.??.??"]
[WhiteTeam "The AD's"]
[BlackTeam "Barbican 4NCL 2"]

1. d4 Nf6 2. c4 e6 3. Nc3 Bb4 4. Qc2 O-O 5. a3 Bxc3+ 6. Qxc3 Ne4 7. Qc2 f5 8.
e3 b6 9. Ne2 d6 10. f3 Nf6 11. Nc3 e5 12. dxe5 dxe5 13. Be2 Nc6 14. O-O Be6 15.
Rd1 Qe8 16. Nd5 Rc8 17. b3 Ne7 18. Nxe7+ Qxe7 19. Bb2 Bd7 20. Qc3 Rfe8 21. b4
1/2-1/2

[Event "4NCL"]
[Site "De Vere, Staverton Park, ENG"]
[Date "2011.03.27"]
[Round "8.16"]
[White "Coleman, David J"]
[Black "Pritchard, David J"]
[Result "1-0"]
[WhiteElo "2258"]
[BlackElo "2007"]
[PlyCount "51"]
[EventDate "2011.??.??"]
[WhiteTeam "Barbican 4NCL 2"]
[BlackTeam "The AD's"]

1. e4 c5 2. Nf3 e6 3. d4 cxd4 4. Nxd4 Nc6 5. Nb5 d6 6. c4 a6 7. N5c3 Nf6 8. Be2
Be7 9. O-O O-O 10. Be3 Rb8 11. f4 Qc7 12. Nd2 b6 13. Rc1 Qa7 14. Bd3 Rd8 15.
Qf3 e5 16. f5 Re8 17. g4 Nd7 18. g5 f6 19. Qh5 Bb7 20. g6 h6 21. Bxh6 gxh6 22.
Qxh6 Nf8 23. Rf3 Nd8 24. Rh3 Nf7 25. gxf7+ Kxf7 26. Qh5+ 1-0

[Event "4NCL"]
[Site "De Vere, Staverton Park, ENG"]
[Date "2011.03.27"]
[Round "8.16"]
[White "Bellin, Christopher J"]
[Black "Bhatia, Kanwal K"]
[Result "1/2-1/2"]
[WhiteElo "2045"]
[BlackElo "2087"]
[PlyCount "92"]
[EventDate "2011.??.??"]
[WhiteTeam "The AD's"]
[BlackTeam "Barbican 4NCL 2"]

1. e4 e5 2. Nf3 Nc6 3. Bc4 Bc5 4. d3 Nf6 5. Nc3 d6 6. Be3 Bb6 7. Qd2 Na5 8. Bb3
Nxb3 9. axb3 Bxe3 10. fxe3 O-O 11. O-O c6 12. d4 Qe7 13. Qd3 Re8 14. Rae1 a5
15. Nh4 b5 16. Nf5 Bxf5 17. Rxf5 exd4 18. exd4 b4 19. Nd1 Nxe4 20. Qe2 d5 21.
Nf2 Qd7 22. Rf3 Re6 23. Qd1 Rae8 24. Nd3 Ng5 25. Rff1 Qd8 26. Nc5 Rg6 27. Nd3
Ne4 28. Ne5 Rf6 29. Qh5 g6 30. Qe2 Rxf1+ 31. Qxf1 f6 32. Ng4 f5 33. Ne5 Qb6 34.
Nf3 c5 35. Qd3 Rc8 36. Kf1 c4 37. bxc4 Rxc4 38. Qb3 Qc6 39. Re2 a4 40. Qd3 Qc8
41. Ne5 Rc7 42. Qb5 Rxc2 43. Rxc2 Qxc2 44. Qe8+ Kg7 45. Qe7+ Kh6 46. Qh4+ Kg7
1/2-1/2

[Event "4NCL"]
[Site "De Vere, Staverton Park, ENG"]
[Date "2011.03.27"]
[Round "8.17"]
[White "Zakarian, David"]
[Black "Thomas, Nicholas"]
[Result "1-0"]
[WhiteElo "2362"]
[BlackElo "2286"]
[PlyCount "77"]
[EventDate "2011.??.??"]
[WhiteTeam "Oxford 1"]
[BlackTeam "Warwickshire Select 1"]

1. e4 e6 2. Nf3 d5 3. e5 c5 4. b4 b6 5. c3 Nd7 6. a3 a5 7. bxc5 bxc5 8. a4 Qc7
9. Bb5 Ne7 10. O-O Nc6 11. Qe2 Be7 12. Ba3 O-O 13. d4 f6 14. exf6 Nxf6 15. Nbd2
Na7 16. Ba6 Bd7 17. Ng5 Bd6 18. Ndf3 Rae8 19. dxc5 Bxc5 20. Bxc5 Qxc5 21. Ne5
Nc6 22. Bd3 Nxe5 23. Qxe5 h6 24. Nf3 Ng4 25. Qd4 Qxd4 26. cxd4 e5 27. Bb5 Bxb5
28. axb5 e4 29. Nd2 Ra8 30. h3 Nf6 31. Rfc1 Rfb8 32. Rc5 a4 33. Nb1 Rc8 34. Nc3
Rxc5 35. dxc5 a3 36. b6 Nd7 37. b7 Ra6 38. Nxd5 Nb8 39. c6 1-0

[Event "4NCL"]
[Site "De Vere, Staverton Park, ENG"]
[Date "2011.03.27"]
[Round "8.17"]
[White "Hainke, Guntram"]
[Black "Rose, Matthew"]
[Result "0-1"]
[WhiteElo "2295"]
[BlackElo "2276"]
[PlyCount "80"]
[EventDate "2011.??.??"]
[WhiteTeam "Warwickshire Select 1"]
[BlackTeam "Oxford 1"]

1. d4 Nf6 2. c4 g6 3. Nc3 Bg7 4. e4 d6 5. Nf3 O-O 6. Be2 e5 7. O-O Nbd7 8. Be3
Re8 9. d5 Nh5 10. g3 Bf8 11. Ne1 Ng7 12. Nd3 Be7 13. Qd2 f5 14. f3 Nf6 15. Nf2
h5 16. f4 h4 17. gxh4 exf4 18. Bxf4 Nxe4 19. Ncxe4 fxe4 20. h5 gxh5 21. Nxe4
Bh3 22. Bd3 Qd7 23. Bg3 Bxf1 24. Rxf1 Rf8 25. Re1 h4 26. Qh6 Qg4 27. Nf2 Qh5
28. Qxh5 Nxh5 29. Rxe7 hxg3 30. Ng4 gxh2+ 31. Kxh2 Rf4 32. Nh6+ Kf8 33. Rxc7
Re8 34. Nf5 Rf2+ 35. Kg1 Rd2 36. Bf1 Re5 37. Nxd6 Rg5+ 38. Kh1 Ng3+ 39. Kg1
Ne4+ 40. Kh1 Rh5+ 0-1

[Event "4NCL"]
[Site "De Vere, Staverton Park, ENG"]
[Date "2011.03.27"]
[Round "8.17"]
[White "Savage, Ben DM"]
[Black "Mason, Donald J"]
[Result "1/2-1/2"]
[WhiteElo "2289"]
[BlackElo "2255"]
[PlyCount "50"]
[EventDate "2011.??.??"]
[WhiteTeam "Oxford 1"]
[BlackTeam "Warwickshire Select 1"]

1. d4 Nf6 2. c4 g6 3. Nc3 Bg7 4. e4 d6 5. Nf3 O-O 6. Be2 e5 7. O-O Nc6 8. d5
Ne7 9. Ne1 Ne8 10. Nd3 f5 11. f3 f4 12. g4 Bf6 13. Bd2 Bh4 14. Be1 Bxe1 15.
Qxe1 c5 16. a3 g5 17. b4 b6 18. Bd1 h5 19. h3 Bd7 20. Ra2 Ng6 21. Ba4 Bxa4 22.
Nxa4 Nf6 23. Qd1 Rf7 24. Rff2 Rc8 25. b5 Rh7 1/2-1/2

[Event "4NCL"]
[Site "De Vere, Staverton Park, ENG"]
[Date "2011.03.27"]
[Round "8.17"]
[White "Hynes, AM (Tony)"]
[Black "Smallbone, Kieran D"]
[Result "0-1"]
[WhiteElo "2190"]
[BlackElo "2221"]
[PlyCount "34"]
[EventDate "2011.??.??"]
[WhiteTeam "Warwickshire Select 1"]
[BlackTeam "Oxford 1"]

1. e4 c6 2. d4 d5 3. e5 Bf5 4. Nc3 e6 5. g4 Bg6 6. h4 h5 7. g5 c5 8. Nf3 Nc6 9.
Bb5 Nge7 10. dxc5 a6 11. Ba4 Qc7 12. Qe2 O-O-O 13. Bf4 d4 14. Bxc6 Qxc6 15.
O-O-O dxc3 16. Rxd8+ Kxd8 17. Rd1+ Kc8 0-1

[Event "4NCL"]
[Site "De Vere, Staverton Park, ENG"]
[Date "2011.03.27"]
[Round "8.17"]
[White "White, Michael JR"]
[Black "Pitcher, John"]
[Result "1-0"]
[WhiteElo "2233"]
[BlackElo "2217"]
[PlyCount "63"]
[EventDate "2011.??.??"]
[WhiteTeam "Oxford 1"]
[BlackTeam "Warwickshire Select 1"]

1. d4 d5 2. c4 c6 3. Nf3 Nf6 4. Nc3 a6 5. e3 b5 6. c5 Nbd7 7. b4 a5 8. bxa5
Rxa5 9. Be2 Qc7 10. O-O e5 11. Bd2 e4 12. Ne1 Be7 13. f3 exf3 14. gxf3 O-O 15.
Nd3 Re8 16. e4 b4 17. Bf4 Qa7 18. Nxb4 Rxc5 19. Na4 Rc4 20. Bxc4 Bxb4 21. exd5
Nxd5 22. Bxd5 cxd5 23. Rb1 Ba5 24. Rb5 Nb6 25. Nxb6 Bxb6 26. Rxd5 Qxa2 27. Re1
Rf8 28. Rb5 Bh3 29. Re2 Bxd4+ 30. Kh1 Qc4 31. Rh5 Ra8 32. Re4 1-0

[Event "4NCL"]
[Site "De Vere, Staverton Park, ENG"]
[Date "2011.03.27"]
[Round "8.17"]
[White "Weaving, Richard"]
[Black "Rawlinson, Aidan M"]
[Result "0-1"]
[WhiteElo "2027"]
[BlackElo "2183"]
[PlyCount "58"]
[EventDate "2011.??.??"]
[WhiteTeam "Warwickshire Select 1"]
[BlackTeam "Oxford 1"]

1. e4 c5 2. c3 d5 3. exd5 Qxd5 4. d4 Nf6 5. Nf3 e6 6. Be3 cxd4 7. cxd4 Bb4+ 8.
Nc3 Bd7 9. Bd3 Bb5 10. O-O Bxc3 11. bxc3 O-O 12. Rb1 Bxd3 13. Qxd3 Rc8 14. Rb5
Qxa2 15. Rxb7 Nbd7 16. Bg5 Qd5 17. Rbb1 Qc4 18. Qxc4 Rxc4 19. Rb7 Rxc3 20. Bxf6
Nxf6 21. Ne5 a5 22. h3 a4 23. Ra1 a3 24. Nxf7 h6 25. Ne5 Nd5 26. h4 Nf4 27. Kf1
a2 28. Kg1 Rc1+ 29. Rxc1 Ne2+ 0-1

[Event "4NCL"]
[Site "De Vere, Staverton Park, ENG"]
[Date "2011.03.27"]
[Round "8.17"]
[White "Tidman, Sophie E"]
[Black "Baruch, Andrew JD"]
[Result "1-0"]
[WhiteElo "2109"]
[BlackElo "2089"]
[PlyCount "81"]
[EventDate "2011.??.??"]
[WhiteTeam "Oxford 1"]
[BlackTeam "Warwickshire Select 1"]

1. e4 Nf6 2. e5 Nd5 3. Nc3 Nxc3 4. dxc3 d6 5. Bf4 Nc6 6. Bb5 g6 7. Nf3 Bd7 8.
Qe2 e6 9. O-O-O d5 10. c4 a6 11. Bxc6 bxc6 12. h4 h5 13. Ng5 Bg7 14. a3 a5 15.
Qe3 Qe7 16. Nf3 Bf8 17. Bg5 Qc5 18. Bf6 Rg8 19. Qxc5 Bxc5 20. Rd2 Bc8 21. Nd4
Ba6 22. Nb3 Bf8 23. Nxa5 Bh6 24. Bg5 Bg7 25. Re1 Bf8 26. c3 Bb5 27. cxb5 Rxa5
28. c4 Kd7 29. Re3 Ra4 30. bxc6+ Kxc6 31. cxd5+ exd5 32. b4 Bg7 33. Rc3+ Kb7
34. Rxd5 Rga8 35. Kb2 Re8 36. f4 Ra6 37. Rd7 Rc6 38. Rxc6 Kxc6 39. Rxf7 Bf8 40.
Rf6+ Kb5 41. Kb3 1-0

[Event "4NCL"]
[Site "De Vere, Staverton Park, ENG"]
[Date "2011.03.27"]
[Round "8.18"]
[White "Dearing, Edward J"]
[Black "Capucci, Marcos"]
[Result "1-0"]
[WhiteElo "2412"]
[BlackElo "2229"]
[PlyCount "81"]
[EventDate "2011.??.??"]
[WhiteTeam "Cambridge University 1"]
[BlackTeam "Pandora's Box Grantham"]

1. d4 Nf6 2. c4 g6 3. Nc3 Bg7 4. e4 d6 5. Nf3 O-O 6. Be2 e5 7. O-O Nc6 8. d5
Ne7 9. Ne1 Ne8 10. Nd3 f5 11. Bd2 Nf6 12. f3 c5 13. Rb1 h5 14. b4 b6 15. bxc5
bxc5 16. Qa4 f4 17. Nd1 Rf7 18. N1f2 g5 19. h3 Bh6 20. Qa5 Qf8 21. Bc3 Ng6 22.
Rb3 g4 23. fxg4 hxg4 24. hxg4 Bg5 25. Bf3 Bh4 26. Rfb1 Nd7 27. Qa4 Ne7 28. Kf1
Rh7 29. Ke2 Bg3 30. Rh1 Rxh1 31. Nxh1 Nf6 32. Nxg3 fxg3 33. g5 Ng4 34. Be1 Ng6
35. Bxg3 Qe7 36. Qc6 Qxg5 37. Qxa8 Qe3+ 38. Kd1 Qe1+ 39. Bxe1 Ne3+ 40. Kc1 Ne7
41. Rb8 1-0

[Event "4NCL"]
[Site "De Vere, Staverton Park, ENG"]
[Date "2011.03.27"]
[Round "8.18"]
[White "Burrows, Martin P"]
[Black "Moskovic, David M"]
[Result "0-1"]
[WhiteElo "2168"]
[BlackElo "2293"]
[PlyCount "140"]
[EventDate "2011.??.??"]
[WhiteTeam "Pandora's Box Grantham"]
[BlackTeam "Cambridge University 1"]

1. e4 c5 2. Nf3 e6 3. d4 cxd4 4. Nxd4 a6 5. Bd3 Bc5 6. Nb3 Be7 7. c4 d6 8. Nc3
Nf6 9. O-O O-O 10. Qe2 b6 11. f4 Nbd7 12. Bd2 Bb7 13. Rae1 Rc8 14. Rf3 Re8 15.
Rh3 Nf8 16. Kh1 Qc7 17. Nd4 N6d7 18. Nf3 Bf6 19. e5 Bxf3 20. Qxf3 dxe5 21. Ne4
exf4 22. Bxf4 Be5 23. Bd2 f5 24. Nc3 Qc6 25. Qe2 Bf6 26. b3 Ne5 27. Bb1 Rcd8
28. Bc1 Ng4 29. Ne4 Bd4 30. Rf1 Ng6 31. Bg5 Rd7 32. Nd2 N6e5 33. Rg3 Rf8 34. h3
Nf6 35. Bxf6 Rxf6 36. Nf3 Nxf3 37. Rgxf3 g6 38. b4 e5 39. Be4 Qxe4 40. Qxe4
fxe4 41. Rxf6 Bc3 42. R6f2 Bxb4 43. Re2 Rd4 44. Rc1 Kf7 45. Kg1 Ke6 46. Kf1 e3
47. g3 Bd2 48. Rb1 Rd6 49. Rg2 Kf5 50. Ke2 Ke4 51. Rgg1 Kd4 52. Rgf1 Kxc4 53.
Rf7 b5 54. g4 Rc6 55. g5 Kd4 56. Kd1 Kd3 57. Rd7+ Ke4 58. Rxh7 Rd6 59. Ke2 Kf4
60. Rh4+ Kxg5 61. Rg4+ Kh6 62. Rf1 Rc6 63. Rf7 Rc4 64. Rf6 Rxg4 65. hxg4 a5 66.
Re6 Kg5 67. Kf3 Bc3 68. Kxe3 a4 69. Kd3 b4 70. a3 Kxg4 0-1

[Event "4NCL"]
[Site "De Vere, Staverton Park, ENG"]
[Date "2011.03.27"]
[Round "8.18"]
[White "Bisby, Daniel L"]
[Black "Birtwistle, Nigel"]
[Result "1/2-1/2"]
[WhiteElo "2306"]
[BlackElo "2229"]
[PlyCount "54"]
[EventDate "2011.??.??"]
[WhiteTeam "Cambridge University 1"]
[BlackTeam "Pandora's Box Grantham"]

1. e4 c5 2. Nf3 g6 3. d4 Bg7 4. Nc3 cxd4 5. Nxd4 Nc6 6. Be3 Nf6 7. Bc4 O-O 8.
Bb3 Qa5 9. f3 d6 10. Qd2 Bd7 11. O-O-O Rac8 12. Kb1 Ne5 13. Nd5 Qd8 14. Bh6
Nxd5 15. exd5 a5 16. Bxg7 Kxg7 17. f4 Ng4 18. a4 Rc5 19. h4 Nf6 20. f5 h5 21.
Qg5 Kh7 22. fxg6+ fxg6 23. Rhe1 Rf7 24. Ne6 Bxe6 25. Rxe6 Rg7 26. Rde1 b5 27.
axb5 Rxb5 1/2-1/2

[Event "4NCL"]
[Site "De Vere, Staverton Park, ENG"]
[Date "2011.03.27"]
[Round "8.18"]
[White "Cumbers, Paul"]
[Black "Alfred, Nathan SW"]
[Result "0-1"]
[WhiteElo "2214"]
[BlackElo "2277"]
[PlyCount "102"]
[EventDate "2011.??.??"]
[WhiteTeam "Pandora's Box Grantham"]
[BlackTeam "Cambridge University 1"]

1. d4 Nf6 2. c4 g6 3. Nc3 Bg7 4. e4 d6 5. Nf3 O-O 6. Be2 e5 7. O-O Nc6 8. d5
Ne7 9. b4 Nh5 10. Re1 a5 11. bxa5 Rxa5 12. Nd2 Nf4 13. Bf1 c5 14. a4 h6 15. h4
f5 16. g3 Nh5 17. exf5 Nxf5 18. Nde4 Nd4 19. Bg2 Bf5 20. Rf1 Qd7 21. Kh2 Nf6
22. Nxf6+ Rxf6 23. Ne4 Rf8 24. Bd2 Ra6 25. a5 b6 26. Qa4 Qe7 27. Ra3 bxa5 28.
Qd1 Rfa8 29. Ra4 Bd7 30. Ra3 a4 31. Nc3 Rb8 32. Be4 Qe8 33. f3 Rb3 34. Qa1 g5
35. hxg5 Qh5+ 36. Kg1 Qh3 37. Be1 hxg5 38. Ra2 Qh5 39. Rh2 Qf7 40. Bd2 Bf5 41.
g4 Bxe4 42. fxe4 Qg6 43. Rff2 a3 44. Rh5 Rxc3 45. Bxc3 Qxe4 46. Qd1 Rb6 47. Bd2
a2 48. Bb4 Rxb4 49. Rxa2 Rb1 50. Ra8+ Kf7 51. Ra7+ Kg6 0-1

[Event "4NCL"]
[Site "De Vere, Staverton Park, ENG"]
[Date "2011.03.27"]
[Round "8.18"]
[White "Shridhar Mitesh"]
[Black "Dilley, Jason M"]
[Result "1-0"]
[WhiteElo "2118"]
[BlackElo "2149"]
[PlyCount "155"]
[EventDate "2011.??.??"]
[WhiteTeam "Cambridge University 1"]
[BlackTeam "Pandora's Box Grantham"]

1. e4 g6 2. d4 Bg7 3. Nc3 d6 4. Be3 c6 5. Bd3 b5 6. h3 Nd7 7. Nf3 Nb6 8. O-O
Nf6 9. Ne2 Nc4 10. Bc1 O-O 11. Ng3 Nd7 12. Qe2 c5 13. c3 Qb6 14. b3 Na5 15.
Bxb5 cxd4 16. Nxd4 a6 17. Bd3 Nc6 18. Nxc6 Qxc6 19. Bb2 Nc5 20. Rfe1 Be5 21.
Nf1 Bb7 22. Nd2 d5 23. f3 Qf6 24. exd5 Nxd3 25. Qxd3 Rfd8 26. Nf1 Rxd5 27. Qe2
Bxc3 28. Bxc3 Qxc3 29. Qxe7 Qd4+ 30. Kh1 Rd7 31. Qe3 Qb2 32. Qe2 Qxe2 33. Rxe2
a5 34. Rae1 Ba6 35. Rc2 Rad8 36. Kh2 Kg7 37. Kg3 Rd4 38. Rc5 a4 39. Ra5 Bxf1
40. Rxf1 axb3 41. axb3 Rb8 42. Rb1 h5 43. Re5 Rbb4 44. Kf2 Rd2+ 45. Re2 Rd6 46.
Re4 Rb5 47. Rb2 f5 48. Rc4 Kf6 49. b4 Rdb6 50. Ke3 g5 51. g3 Ke6 52. Rd4 Ra6
53. Rb3 Ra1 54. Kd3 Rc1 55. Kd2 Rg1 56. g4 hxg4 57. hxg4 Ke5 58. Rbd3 fxg4 59.
fxg4 Ra1 60. Rc4 Ra2+ 61. Kc3 Rb6 62. Rc5+ Kf6 63. Rd4 Ra1 64. b5 Rb8 65. Rdd5
Rg1 66. Rxg5 Re8 67. Rgf5+ Kg6 68. Rc6+ Kg7 69. Rg5+ Kf7 70. Kb4 Rb1+ 71. Kc5
Rb8 72. Rf5+ Ke7 73. b6 Ra1 74. Re5+ Kf7 75. Kd6 Raa8 76. Re7+ Kf6 77. Rd7 Re8
78. Kc7+ 1-0

[Event "4NCL"]
[Site "Barcelo Hotel, Hinkley Island,"]
[Date "2011.04.30"]
[Round "9.11"]
[White "Wells, Peter K"]
[Black "Adams, Michael"]
[Result "0-1"]
[WhiteElo "2487"]
[BlackElo "2716"]
[PlyCount "96"]
[EventDate "2011.??.??"]
[WhiteTeam "White Rose 1"]
[BlackTeam "Pride & Prejudice"]

1. Nf3 d5 2. d4 Nf6 3. c4 e6 4. g3 Bb4+ 5. Bd2 Be7 6. Bg2 c6 7. O-O Nbd7 8. Qc2
O-O 9. Rd1 b6 10. Bf4 Bb7 11. Nc3 dxc4 12. Nd2 Nd5 13. Nxc4 Nxf4 14. gxf4 Qc7
15. e3 Rad8 16. a3 c5 17. Bxb7 Qxb7 18. d5 exd5 19. Nxd5 Nf6 20. Nxe7+ Qxe7 21.
Ne5 Qe6 22. Rxd8 Rxd8 23. Rd1 Rd5 24. b4 cxb4 25. axb4 g6 26. Rxd5 Nxd5 27. b5
g5 28. Qc4 gxf4 29. exf4 Kg7 30. h3 f6 31. Nf3 Qd7 32. Kh2 Kf8 33. Kg3 Ne7 34.
Nh4 Qd5 35. Qc7 Qd3+ 36. Kg2 Qxb5 37. Qxa7 Qd5+ 38. Kg3 b5 39. Qb8+ Kf7 40. Qh8
Qd3+ 41. Kg4 b4 42. f5 Qd4+ 43. Kh5 b3 44. Qxh7+ Ke8 45. Qh8+ Kd7 46. Qb8 b2
47. f3 Qg1 48. Qb7+ Ke8 0-1

[Event "4NCL"]
[Site "Barcelo Hotel, Hinkley Island,"]
[Date "2011.04.30"]
[Round "9.11"]
[White "McNab, Colin A"]
[Black "Howell, David W L"]
[Result "0-1"]
[WhiteElo "2454"]
[BlackElo "2612"]
[PlyCount "64"]
[EventDate "2011.??.??"]
[WhiteTeam "White Rose 1"]
[BlackTeam "Pride & Prejudice"]

1. c4 Nf6 2. g3 c6 3. Nf3 d5 4. b3 dxc4 5. bxc4 e5 6. Bb2 e4 7. Nd4 Bd6 8. Nc3
O-O 9. Bg2 Re8 10. Nc2 Nbd7 11. Ne3 Nc5 12. Qc2 h5 13. h3 Bd7 14. g4 Bf4 15.
gxh5 Qe7 16. Ba3 b6 17. Rb1 Qe5 18. Kf1 Rad8 19. Bb2 Qe6 20. Na4 Nb7 21. Bxf6
Qxf6 22. Bxe4 Nd6 23. Bf3 Bxe3 24. fxe3 Bf5 25. d3 Rxe3 26. Qc3 Qh4 27. Qe1
Bxh3+ 28. Kg1 Qg5+ 29. Kh2 Rxf3 30. Rg1 Qf4+ 31. Kh1 Rf2 32. h6 Rh2# 0-1

[Event "4NCL"]
[Site "Barcelo Hotel, Hinkley Island,"]
[Date "2011.04.30"]
[Round "9.11"]
[White "Jones, Gawain CB"]
[Black "Palliser, Richard JD"]
[Result "1-0"]
[WhiteElo "2578"]
[BlackElo "2448"]
[PlyCount "135"]
[EventDate "2011.??.??"]
[WhiteTeam "Pride & Prejudice"]
[BlackTeam "White Rose 1"]

1. e4 c5 2. d3 g6 3. f4 Bg7 4. Nf3 d5 5. Be2 Nc6 6. O-O Nf6 7. e5 Ng4 8. c3 f6
9. d4 Qb6 10. Kh1 O-O 11. dxc5 Qxc5 12. Nd4 fxe5 13. Nxc6 Nf2+ 14. Rxf2 Qxf2
15. Nxe7+ Kh8 16. Nxd5 exf4 17. Bd2 f3 18. Bxf3 Bg4 19. Nf4 Bxf3 20. Qxf3 Qb6
21. b3 Qd6 22. h4 Rae8 23. a4 h6 24. Na3 Qxd2 25. Nxg6+ Kg8 26. Nxf8 Rxf8 27.
Nc4 Rxf3 28. Nxd2 Rxc3 29. Re1 Rd3 30. Re2 a5 31. h5 Bf6 32. Ne4 Be5 33. Nf2
Rd5 34. g4 Kf7 35. Kg2 Bb8 36. Ne4 Ba7 37. Rd2 Re5 38. Nd6+ Ke6 39. Nf5 Re1 40.
Kf3 Rf1+ 41. Ke4 Re1+ 42. Kf3 Rf1+ 43. Ke2 Rb1 44. Rd3 Ke5 45. Nxh6 Kf4 46. Kd2
Bc5 47. Kc2 Rg1 48. Rd5 Bb4 49. Rd4+ Ke5 50. Nf5 Rg2+ 51. Kd1 Rb2 52. Rd3 Rh2
53. Rd7 Kf4 54. Rd4+ Ke5 55. Rc4 Rb2 56. h6 Rxb3 57. Nh4 Rd3+ 58. Ke2 Rd2+ 59.
Kf3 Rd3+ 60. Kg2 Rd2+ 61. Kg3 Rd3+ 62. Nf3+ Kf6 63. g5+ Kg6 64. Kg4 Bd6 65. Rc8
Rd5 66. Rg8+ Kh7 67. Rg7+ Kh8 68. Nh4 1-0

[Event "4NCL"]
[Site "Barcelo Hotel, Hinkley Island,"]
[Date "2011.04.30"]
[Round "9.11"]
[White "Buckley, Simon T"]
[Black "Hebden, Mark L"]
[Result "0-1"]
[WhiteElo "2345"]
[BlackElo "2546"]
[PlyCount "60"]
[EventDate "2011.??.??"]
[WhiteTeam "White Rose 1"]
[BlackTeam "Pride & Prejudice"]

1. c4 g6 2. Nc3 Bg7 3. g3 Nf6 4. Bg2 O-O 5. Nf3 d6 6. O-O Nc6 7. d3 e5 8. Rb1
a5 9. a3 Nd4 10. Ne1 c6 11. e3 Ne6 12. e4 Ne8 13. Be3 f5 14. f4 Nd4 15. Nf3 Nc7
16. Ne2 c5 17. Nfxd4 cxd4 18. Bd2 a4 19. Bb4 Rf7 20. Rc1 fxe4 21. Bxe4 Bh3 22.
Bg2 Bxg2 23. Kxg2 Qd7 24. fxe5 Rxf1 25. Qxf1 Rf8 26. Qg1 Qc6+ 27. Kh3 Ne6 28.
Bd2 Qf3 29. Nxd4 Qh5+ 30. Kg2 Nxd4 0-1

[Event "4NCL"]
[Site "Barcelo Hotel, Hinkley Island,"]
[Date "2011.04.30"]
[Round "9.11"]
[White "Flear, Glenn C"]
[Black "Croad, Nicolas"]
[Result "1/2-1/2"]
[WhiteElo "2498"]
[BlackElo "2290"]
[PlyCount "99"]
[EventDate "2011.??.??"]
[WhiteTeam "Pride & Prejudice"]
[BlackTeam "White Rose 1"]

1. d4 Nf6 2. c4 e6 3. Nc3 Bb4 4. Qc2 O-O 5. a3 Bxc3+ 6. Qxc3 b6 7. Bg5 Ba6 8.
Qf3 Nc6 9. e3 Na5 10. Rc1 c5 11. d5 exd5 12. cxd5 Bxf1 13. Kxf1 Ne4 14. Bxd8
Nd2+ 15. Ke2 Nxf3 16. Bc7 Rac8 17. Bd6 Nxg1+ 18. Rhxg1 Rfe8 19. Rc3 c4 20. g4
Nb3 21. Rd1 b5 22. f3 f6 23. e4 h5 24. g5 fxg5 25. Ke3 Nc5 26. Bxc5 Rxc5 27.
Kd4 d6 28. Rg1 g4 29. fxg4 hxg4 30. Rxg4 Rc7 31. Rg6 Rd7 32. Rf3 a5 33. Re6
Red8 34. h4 Rc8 35. Rc3 Rf8 36. a4 Rf2 37. axb5 Rxb2 38. Rxc4 Rxb5 39. Ra4 Kf7
40. h5 Rd8 41. Ra1 Rb4+ 42. Ke3 a4 43. Kf4 Re8 44. Rxe8 Kxe8 45. Rc1 a3 46.
Rc8+ Ke7 47. Ra8 Rb3 48. Ra7+ Kf6 49. Ra6 Ke7 50. Ra7+ 1/2-1/2

[Event "4NCL"]
[Site "Barcelo Hotel, Hinkley Island,"]
[Date "2011.04.30"]
[Round "9.11"]
[White "Barrett, Stephen J"]
[Black "Ward, Chris G"]
[Result "1/2-1/2"]
[WhiteElo "2212"]
[BlackElo "2449"]
[PlyCount "41"]
[EventDate "2011.??.??"]
[WhiteTeam "White Rose 1"]
[BlackTeam "Pride & Prejudice"]

1. d4 Nf6 2. c4 e6 3. Nc3 Bb4 4. Qc2 d5 5. a3 Bxc3+ 6. Qxc3 dxc4 7. Qxc4 b6 8.
Nf3 O-O 9. Bg5 Ba6 10. Qc2 c5 11. dxc5 bxc5 12. Qxc5 Ne4 13. Bxd8 Nxc5 14. Be7
Rc8 15. Bxc5 Rxc5 16. Rd1 Nc6 17. e3 Bb5 18. Bxb5 Rxb5 19. Rd2 Rab8 20. b4 a5
21. Nd4 1/2-1/2

[Event "4NCL"]
[Site "Barcelo Hotel, Hinkley Island,"]
[Date "2011.04.30"]
[Round "9.11"]
[White "Milliet, Sophie"]
[Black "Messam-Sparks, Lateefah"]
[Result "1-0"]
[WhiteElo "2369"]
[BlackElo "1909"]
[PlyCount "61"]
[EventDate "2011.??.??"]
[WhiteTeam "Pride & Prejudice"]
[BlackTeam "White Rose 1"]

1. e4 c5 2. c3 Nf6 3. e5 Nd5 4. Nf3 e6 5. d4 cxd4 6. cxd4 Nc6 7. Bc4 Bb4+ 8.
Nbd2 Nb6 9. Bd3 d5 10. O-O Nd7 11. a3 Be7 12. b4 a6 13. Nb3 h6 14. Bd2 g5 15.
Bc3 g4 16. Ne1 h5 17. f3 Rg8 18. fxg4 hxg4 19. Rf4 f5 20. exf6 Nxf6 21. Qe2 Qc7
22. g3 Nd8 23. Rc1 Nf7 24. Qf1 Qd8 25. Be2 Nd6 26. Nc5 Nf5 27. Ned3 Nh6 28. Ne5
Nh5 29. Rxg4 Rf8 30. Qh3 Nxg3 31. hxg3 1-0